L'éternel retour et la pensée de la mort (notice n° 1648625)
[ vue normale ]
| 000 -LEADER | |
|---|---|
| fixed length control field | 01469cam a2200169 4500500 |
| 005 - DATE AND TIME OF LATEST TRANSACTION | |
| control field | 20260208003720.0 |
| 041 ## - LANGUAGE CODE | |
| Language code of text/sound track or separate title | fre |
| 042 ## - AUTHENTICATION CODE | |
| Authentication code | dc |
| 100 10 - MAIN ENTRY--PERSONAL NAME | |
| Personal name | Crépon, Marc |
| Relator term | author |
| 245 00 - TITLE STATEMENT | |
| Title | L'éternel retour et la pensée de la mort |
| 260 ## - PUBLICATION, DISTRIBUTION, ETC. | |
| Date of publication, distribution, etc. | 2005.<br/> |
| 500 ## - GENERAL NOTE | |
| General note | 11 |
| 520 ## - SUMMARY, ETC. | |
| Summary, etc. | Dans « L’éternel retour et la pensée de la mort », la pensée nietzschéenne de la mort est interrogée dans l’horizon de sa promesse. Il s’agit de mettre en évidence comment la « prophétie » de l’éternel retour, si elle existe, n’est rien d’autre que l’annonce d’un autre rapport à la mort – d’une autre façon, plus qu’humaine, d’affronter simultanément l’expérience de la finitude et l’épreuve du deuil. |
| 520 ## - SUMMARY, ETC. | |
| Summary, etc. | In der folgenden Ueberlegung über « Ewige Wiederkiehr und Denken über den Tod » wird die Gesinnung Nietzsche’s über Tod in der Perspektive seines Versprechens. Es handelt sich dabei auszulegen, dass die « Prophezeiung » der ewigen Wiederkehr, wenn sie besteht, nichts anderes ist, als die Verkündung eines anderen Verhältnisses zum Tode nach einer mehr als menschlichen, verschiedenen Weise, welche erlaubt, sich dem Erlebnis der Endlichkeit und der Probe des Trauerns zugleich zu stellen. |
| 786 0# - DATA SOURCE ENTRY | |
| Note | Les Études philosophiques | 73 | 2 | 2005-06-01 | p. 193-202 | 0014-2166 |
| 856 41 - ELECTRONIC LOCATION AND ACCESS | |
| Uniform Resource Identifier | <a href="https://shs.cairn.info/revue-les-etudes-philosophiques-2005-2-page-193?lang=fr&redirect-ssocas=7080">https://shs.cairn.info/revue-les-etudes-philosophiques-2005-2-page-193?lang=fr&redirect-ssocas=7080</a> |
Pas d'exemplaire disponible.




Réseaux sociaux